| Поле | Инд. | ПП | Название | Значение |
|---|---|---|---|---|
| Тип записи | a | |||
| Библиографический уровень | m | |||
| 001 | Контрольный номер | RU/IS/BASE/311337789 | ||
| 005 | Дата корректировки | 20250129121606.0 | ||
| 008 | Кодируемые данные | 950630s1995 rur 00000 rus d | ||
| 040 | a | Служба первич. каталог. | НБ ТвГУ | |
| 041 | 0_ | a | Код языка текста | rus |
| 080 | a | Индекс УДК | 821.161.1.09 | |
| a | Индекс УДК | 929Достоевский | ||
| 084 | a | Индекс другой классификации/Индекс ББК | Ш5(2=411.2)52-4Достоевский Ф.М.1 | |
| 090 | a | Полочн. индекс | 8Р1 | |
| x | Авторский знак | Д70 | ||
| 245 | 10 | a | Заглавие | Ф. М. Достоевский |
| b | Продолж. заглавия | материалы и исследования | ||
| c | Ответственность | АН СССР, Ин-т рус. лит., Лит. арх. ; под ред. А. С. Долинина | ||
| 260 | 0_ | a | Место издания | Ленинград |
| b | Издательство | Наука | ||
| c | Дата издания | 1976 | ||
| 300 | a | Объем | 330, [1] с. | |
| 650 | 04 | a | Основная рубрика | Достоевский, Федор Михайлович, о нем |
| 650 | 04 | a | Основная рубрика | Русская литература |
| x | Основная подрубрика | История | ||
| y | Хронологическая подрубрика | 19 в. | ||
| 653 | 0_ | a | Ключевые слова | Достоевский |
| a | Ключевые слова | Персоналии | ||
| a | Ключевые слова | Писатели | ||
| a | Ключевые слова | Русская литература | ||
| a | Ключевые слова | Русские писатели | ||
| 700 | 1_ | a | Другие авторы | Долинин Аркадий Семенович |
| d | Дата | 1880-1968 | ||
| e | Роль лиц | ред. | ||
| 901 | t | Тип документа | m | |
| 920 | a | Оператор | Рунт | |
| a | Оператор | Поля | ||
| 930 | a | Новая/Ретро | персоналии | |
| 952 | c | Вид литературы | К рн | |
| 954 | a | Дата поступления на обработку | 20091112 |